000 00932nam a2200253 i 4500
001 bg
100 1 _aZARĘBSKI, Janusz
245 1 0 _aModelowanie, symulacja i pomiary przebiegów elektrotermicznych w elementach półprzewodnikowych i układach elektronicznych /
_cJanusz Zarębski.
260 _aGdynia :
_bWydaw. Uczelniane WSM,
_c1996.
490 1 _aPrace Naukowe Wyższej Szkoły Morskiej w Gdyni,
_x0860-4827
504 _aBibliogr. s. 168-182.
650 9 _aPółprzewodniki
_xteoria
650 9 _aUkłady elektroniczne
_xbadanie
650 9 _aElektrotermia
_xpomiary
650 9 _aModele matematyczne
_xstosowanie
_xelektronika
650 9 _aSymulacja
_xstosowanie
_xelektronika
650 9 _aPomiary
_xmetody
830 _aPrace Naukowe Wyższej Szkoły Morskiej w Gdyni,
_x0860-4827
040 _cBPK
041 0 _apl
080 _a621.365:621.382]::51
942 _cKS
008 s pl f |000 0 pol
999 _c31144
_d31144
856 _uhttp://koha.tu.koszalin.pl/cgi-bin/koha/opac-detail.pl?biblionumber=31144
_yKatalog online BPK